[Event "POL-chT3 Dolnoslaskie 1718"]
[Site "Poland"]
[Date "2018.03.25"]
[Round "10.2"]
[White "Kanicki, Krzysztof"]
[Black "Holownia, Michal"]
[Result "1/2-1/2"]
[WhiteElo "2089"]
[BlackElo "1918"]
[PlyCount "46"]
[EventDate "2017.10.08"]
[EventType "team-tourn"]
[EventRounds "11"]
[EventCountry "POL"]
[SourceTitle "EXT 2019"]
[Source "ChessBase"]
[SourceDate "2018.10.10"]
[SourceVersion "1"]
[SourceVersionDate "2018.10.10"]
[SourceQuality "1"]

1. e4 e5 2. Nf3 Nc6 3. Bb5 a6 4. Ba4 Nf6 5. 0-0 b5 6. Bb3 Bc5 7. a4 Rb8 8. c3 d6 9. d4 Bb6 10. axb5 axb5 11. Na3 0-0 12. Nxb5 Bg4 13. Bc2 Re8 14. d5 Ne7 15. h3 Bh5 16. g4 Bg6 17. Qe2 Qd7 18. c4 Nxg4 19. hxg4 Qxg4+ 20. Kh2 Qh5+ 21. Kg2 Qg4+ 22. Kh2 Qh5+ 23. Kg2 Qg4+ 1/2-1/2

[Event "POL-chT3 Dolnoslaskie 1718"]
[Site "Poland"]
[Date "2017.12.10"]
[Round "5.3"]
[White "Lewandowski, Wiktor"]
[Black "Holownia, Michal"]
[Result "1-0"]
[WhiteElo "1490"]
[BlackElo "1918"]
[PlyCount "39"]
[EventDate "2017.10.08"]
[EventType "team-tourn"]
[EventRounds "11"]
[EventCountry "POL"]
[SourceTitle "EXT 2019"]
[Source "ChessBase"]
[SourceDate "2018.10.10"]
[SourceVersion "1"]
[SourceVersionDate "2018.10.10"]
[SourceQuality "1"]

1. e4 e5 2. Nf3 Nc6 3. Bc4 Bc5 4. c3 Nf6 5. d4 exd4 6. cxd4 Bb4+ 7. Bd2 Bxd2+ 8. Nbxd2 d5 9. exd5 Nxd5 10. Qb3 Na5 11. Qa4+ Nc6 12. Ne5 0-0 13. Bxd5 Qxd5 14. Nxc6 bxc6 15. 0-0 Bh3 16. Nf3 Qe4 17. Qa3 Bf5 18. Rac1 Rfe8 19. Qc5 Qe2 20. Qxf5 1-0

[Event "POL-chT U20 2nd League"]
[Site "Szczyrk"]
[Date "2017.07.26"]
[Round "7.49"]
[White "Holownia, Michal"]
[Black "Hasterok, Mateusz"]
[Result "1-0"]
[WhiteElo "1900"]
[BlackElo "1669"]
[PlyCount "77"]
[EventDate "2017.07.22"]
[EventType "team-swiss"]
[EventRounds "11"]
[EventCountry "POL"]
[SourceTitle "EXT 2019"]
[Source "ChessBase"]
[SourceDate "2018.10.10"]
[SourceVersion "1"]
[SourceVersionDate "2018.10.10"]
[SourceQuality "1"]

1. e4 c5 2. c3 Nc6 3. d4 d5 4. exd5 Qxd5 5. Nf3 Bg4 6. Be3 Bxf3 7. gxf3 cxd4 8. cxd4 e6 9. Nc3 Bb4 10. Be2 Qa5 11. 0-0 Nge7 12. Ne4 Nf5 13. a3 Be7 14. Ng3 Rd8 15. b4 Qd5 16. Nxf5 Qxf5 17. Bd3 Qf6 18. Be4 0-0 19. Bxc6 bxc6 20. f4 Qg6+ 21. Kh1 Qe4+ 22. Kg1 Bf6 23. Re1 Rd5 24. Rc1 Rfd8 25. Qc2 Qf3 26. Qe2 Qh3 27. Rxc6 Rh5 28. f3 Bh4 29. Rec1 Bg3 30. Qg2 Bxh2+ 31. Kf1 Qf5 32. Rc8 Qb5+ 33. Qe2 Qxe2+ 34. Kxe2 Rf8 35. R1c7 a5 36. d5 Rxd5 37. Bc5 Rfd8 38. Be7 Bxf4 39. Bxd8 1-0

[Event "POL-chT U20 2nd League"]
[Site "Szczyrk"]
[Date "2017.07.24"]
[Round "4.43"]
[White "Holownia, Michal"]
[Black "Miasik, Adrian"]
[Result "1-0"]
[WhiteElo "1900"]
[BlackElo "1938"]
[PlyCount "98"]
[EventDate "2017.07.22"]
[EventType "team-swiss"]
[EventRounds "11"]
[EventCountry "POL"]
[SourceTitle "EXT 2019"]
[Source "ChessBase"]
[SourceDate "2018.10.10"]
[SourceVersion "1"]
[SourceVersionDate "2018.10.10"]
[SourceQuality "1"]

1. e4 e5 2. Nf3 Nc6 3. Bb5 a6 4. Ba4 Nf6 5. 0-0 b5 6. Bb3 Be7 7. d3 d6 8. a3 0-0 9. Nc3 Bb7 10. Be3 Na5 11. Ba2 c5 12. b4 Nc6 13. Nd5 Nxd5 14. Bxd5 Qc7 15. c3 Rac8 16. Qd2 cxb4 17. axb4 Nb8 18. Bxb7 Qxb7 19. Ra3 Rfd8 20. Qa2 Bf6 21. Qd5 Qxd5 22. exd5 Rd7 23. Nd2 Rdc7 24. Ne4 Be7 25. g4 h6 26. f4 Rd7 27. h3 f6 28. f5 Kf7 29. Kg2 Bd8 30. Rc1 Ke7 31. c4 bxc4 32. dxc4 Rb7 33. c5 Rxb4 34. Nxd6 Rc7 35. Kf3 Rd7 36. Nc8+ Ke8 37. c6 Rxd5 38. c7 Bxc7 39. Rxc7 e4+ 40. Kg3 Nd7 41. Rxa6 Rd3 42. Kf4 Kd8 43. Raa7 Ne5 44. Rxg7 Kxc8 45. Ra8+ Rb8 46. Rg8+ Kc7 47. Raxb8 Rd7 48. Rgc8+ Kd6 49. Bc5+ Kd5 1-0

[Event "POL-chT3 Dolnoslaskie 1617"]
[Site "Poland"]
[Date "2016.11.27"]
[Round "3.29"]
[White "Holownia, Michal"]
[Black "Paprocki, Artur"]
[Result "1/2-1/2"]
[WhiteElo "1864"]
[BlackElo "1884"]
[PlyCount "81"]
[EventDate "2016.10.16"]
[EventType "team-tourn"]
[EventRounds "11"]
[EventCountry "POL"]
[SourceTitle "EXT 2018"]
[Source "ChessBase"]
[SourceDate "2017.10.13"]
[SourceVersion "1"]
[SourceVersionDate "2017.10.13"]
[SourceQuality "1"]

1. e4 d6 2. d4 Nf6 3. Nc3 e5 4. Nf3 exd4 5. Nxd4 Be7 6. g3 0-0 7. Bg2 Nbd7 8. 0-0 Re8 9. b3 Bf8 10. Bb2 Nc5 11. Re1 Bg4 12. f3 Bd7 13. Qd2 g6 14. Nf5 Bxf5 15. exf5 Rxe1+ 16. Rxe1 Bg7 17. Nd5 Nxd5 18. Bxg7 Kxg7 19. Qxd5 c6 20. Qd4+ Qf6 21. Qxf6+ Kxf6 22. fxg6 hxg6 23. c4 Rd8 24. f4 Rd7 25. Rd1 Ne6 26. Kf2 Rd8 27. Kf3 a5 28. g4 d5 29. g5+ Ke7 30. cxd5 Rxd5 31. Rxd5 cxd5 32. Kg4 Kd6 33. f5 Nd4 34. fxg6 fxg6 35. Bf1 Ke6 36. Bd3 Kf7 37. h4 Nc6 38. Kf4 Nb4 39. Bb1 Nc6 40. a3 b5 41. Bd3 1/2-1/2

[Event "Wroclaw-ch op-B"]
[Site "Wroclaw"]
[Date "2016.08.21"]
[Round "8.2"]
[White "Galant, Ireneusz"]
[Black "Holownia, Michal"]
[Result "1-0"]
[WhiteElo "1698"]
[BlackElo "1926"]
[PlyCount "89"]
[EventDate "2016.08.09"]
[EventType "swiss"]
[EventRounds "9"]
[EventCountry "POL"]
[SourceTitle "EXT 2023"]
[Source "ChessBase"]
[SourceDate "2022.10.05"]
[SourceVersion "1"]
[SourceVersionDate "2022.10.05"]
[SourceQuality "1"]

1. e4 d5 2. exd5 Qxd5 3. Nc3 Qd6 4. d4 Nf6 5. Nf3 a6 6. g3 b5 7. Bg2 Bb7 8. 0-0 g6 9. Bf4 Qd8 10. a3 Bg7 11. Qd2 Nbd7 12. Bh6 0-0 13. Bxg7 Kxg7 14. d5 Nb6 15. Rad1 Nc4 16. Qc1 Nxd5 17. Nxd5 Bxd5 18. b3 Nb6 19. Ne5 Qd6 20. Rfe1 f6 21. Ng4 Qc5 22. Bxd5 Nxd5 23. Rd3 c6 24. Re6 a5 25. Qh6+ Kg8 26. h4 Ra7 27. Qd2 b4 28. a4 Kg7 29. Rd4 Qc3 30. Qd1 h5 31. Rc4 Qb2 32. Ne3 Nc3 33. Qd2 Nb1 34. Qe2 Qc1+ 35. Kg2 Nc3 36. Qd3 Rc8 37. g4 hxg4 38. h5 gxh5 39. Qd4 Rb7 40. Qf4 Kf7 41. Rcxc6 Rxc6 42. Rxc6 Qd2 43. Qh6 Qe2 44. Qh7+ Ke8 45. Qg8+ 1-0

[Event "Wroclaw-ch op-B"]
[Site "Wroclaw"]
[Date "2016.08.21"]
[Round "1.3"]
[White "Holownia, Michal"]
[Black "Sulot, Zdzislaw"]
[Result "1-0"]
[WhiteElo "1926"]
[BlackElo "1364"]
[PlyCount "51"]
[EventDate "2016.08.09"]
[EventType "swiss"]
[EventRounds "9"]
[EventCountry "POL"]
[SourceTitle "EXT 2023"]
[Source "ChessBase"]
[SourceDate "2022.10.05"]
[SourceVersion "1"]
[SourceVersionDate "2022.10.05"]
[SourceQuality "1"]

1. e4 e5 2. Nf3 Nc6 3. Bb5 d6 4. 0-0 Bg4 5. c3 Qf6 6. d3 Bxf3 7. Qxf3 Qxf3 8. gxf3 Nge7 9. Bc4 Na5 10. Bb5+ c6 11. Ba4 b5 12. Bc2 Ng6 13. a4 Nb7 14. axb5 cxb5 15. Be3 a6 16. Bb3 Be7 17. Bd5 0-0 18. Bxb7 Rab8 19. Bxa6 Nh4 20. Nd2 f5 21. Ba7 fxe4 22. Bxb8 Rxb8 23. fxe4 Bg5 24. f4 exf4 25. Nf3 Nxf3+ 26. Rxf3 1-0

[Event "Wroclaw-ch op-B"]
[Site "Wroclaw"]
[Date "2016.08.21"]
[Round "6.3"]
[White "Marko, Piotr"]
[Black "Holownia, Michal"]
[Result "1/2-1/2"]
[WhiteElo "1761"]
[BlackElo "1926"]
[PlyCount "42"]
[EventDate "2016.08.09"]
[EventType "swiss"]
[EventRounds "9"]
[EventCountry "POL"]
[SourceTitle "EXT 2023"]
[Source "ChessBase"]
[SourceDate "2022.10.05"]
[SourceVersion "1"]
[SourceVersionDate "2022.10.05"]
[SourceQuality "1"]

1. e4 d5 2. exd5 Qxd5 3. Nc3 Qd6 4. d4 Nf6 5. Bc4 a6 6. Nge2 b5 7. Bf4 Qb6 8. Bb3 Bb7 9. a4 e6 10. 0-0 Be7 11. axb5 axb5 12. Qd3 Rxa1 13. Rxa1 Bc6 14. d5 exd5 15. Nd4 0-0 16. Nxc6 Nxc6 17. Nxd5 Nxd5 18. Qxd5 Na5 19. Re1 Bc5 20. Be3 Nxb3 21. Qxb3 Rd8 1/2-1/2

[Event "POL-ch U16"]
[Site "Szklarska Poreba"]
[Date "2016.03.20"]
[Round "9"]
[White "Holownia, Michal"]
[Black "Domanski, Lukasz"]
[Result "1/2-1/2"]
[WhiteElo "2006"]
[BlackElo "1994"]
[PlyCount "106"]
[EventDate "2016.03.13"]
[EventType "swiss"]
[EventRounds "9"]
[EventCountry "POL"]
[SourceTitle "EXT 2018"]
[Source "ChessBase"]
[SourceDate "2017.10.13"]
[SourceVersion "1"]
[SourceVersionDate "2017.10.13"]
[SourceQuality "1"]

1. e4 g6 2. d4 Bg7 3. f4 d6 4. Nf3 c5 5. c3 Nf6 6. Bd3 0-0 7. 0-0 cxd4 8. cxd4 Bg4 9. Be3 Nc6 10. Nbd2 e5 11. fxe5 dxe5 12. d5 Nd4 13. Qa4 Bxf3 14. Nxf3 Ng4 15. Bxd4 exd4 16. g3 Ne3 17. Rf2 Qc8 18. Re1 Qh3 19. Bf1 Qg4 20. Bd3 f5 21. exf5 Nxf5 22. Re4 Qh5 23. g4 Qh3 24. Bf1 Qh6 25. gxf5 Rxf5 26. Re8+ Rxe8 27. Qxe8+ Rf8 28. Qe6+ Kh8 29. Qe4 Qe3 30. Qg4 d3 31. Qg3 d2 32. Nxd2 Bd4 33. Qxe3 Bxe3 34. Ne4 Rf5 35. Bc4 Re5 36. Kg2 Rxe4 37. Kf3 Bxf2 38. Kxe4 Kg7 39. Ke5 Kf7 40. Kd6 Ke8 41. Kc7 Bb6+ 42. Kxb7 Kd7 43. b4 Kd6 44. a4 g5 45. a5 Bg1 46. b5 h5 47. Be2 g4 48. h3 Kxd5 49. hxg4 hxg4 50. Bxg4 Kd6 51. Bf3 Bf2 52. Bg4 Bg1 53. Bf3 Ke5 1/2-1/2

[Event "POL-ch U16"]
[Site "Szklarska Poreba"]
[Date "2016.03.16"]
[Round "5"]
[White "Holownia, Michal"]
[Black "Janik, Igor"]
[Result "0-1"]
[WhiteElo "2006"]
[BlackElo "2305"]
[PlyCount "86"]
[EventDate "2016.03.13"]
[EventType "swiss"]
[EventRounds "9"]
[EventCountry "POL"]
[SourceTitle "EXT 2018"]
[Source "ChessBase"]
[SourceDate "2017.10.13"]
[SourceVersion "1"]
[SourceVersionDate "2017.10.13"]
[SourceQuality "1"]

1. e4 c5 2. c3 Nf6 3. e5 Nd5 4. d4 cxd4 5. Nf3 d6 6. cxd4 Nc6 7. Bc4 Nb6 8. Bb5 dxe5 9. Nxe5 Bd7 10. Nc3 e6 11. 0-0 Be7 12. Bxc6 Bxc6 13. Nxc6 bxc6 14. Qg4 Bf6 15. Rd1 0-0 16. Ne4 g6 17. Nxf6+ Qxf6 18. Bg5 Qg7 19. Qh4 Rfe8 20. Rac1 Rac8 21. Bh6 Qh8 22. Rc5 Nd5 23. Rdc1 e5 24. Qh3 Rcd8 25. Rxc6 exd4 26. Rc8 Rxc8 27. Rxc8 Qe5 28. Rxe8+ Qxe8 29. Qd3 Qe1+ 30. Qf1 Qe5 31. Qc1 Nb6 32. h3 f6 33. Bf4 Qe6 34. b3 g5 35. Bd2 Qd6 36. h4 gxh4 37. Qe1 Qe5 38. Qxe5 fxe5 39. f3 Kf7 40. Kf1 Nd5 41. Bg5 Nb4 42. a3 Nc2 43. a4 d3 0-1

[Event "POL-chT3 Dolnoslaskie 1516"]
[Site "Poland"]
[Date "2015.11.22"]
[Round "3.12"]
[White "Holownia, Michal"]
[Black "Szydelko, Marcin"]
[Result "0-1"]
[WhiteElo "1911"]
[BlackElo "2002"]
[PlyCount "78"]
[EventDate "2015.10.18"]
[EventType "team-tourn"]
[EventRounds "11"]
[EventCountry "POL"]
[SourceTitle "EXT 2018"]
[Source "ChessBase"]
[SourceDate "2017.10.13"]
[SourceVersion "1"]
[SourceVersionDate "2017.10.13"]
[SourceQuality "1"]

1. e4 d6 2. d4 Nf6 3. Nc3 g6 4. f4 Bg7 5. Nf3 0-0 6. Bd3 c5 7. dxc5 dxc5 8. Be3 Qa5 9. e5 Nd5 10. Bd2 Nxc3 11. Bxc3 Qa4 12. Qd2 Bh6 13. Ng5 Bxg5 14. fxg5 Be6 15. 0-0 Nd7 16. Rf4 Qc6 17. Qf2 Nb6 18. Be4 Bd5 19. Qh4 f5 20. exf6 exf6 21. gxf6 Bxe4 22. Rxe4 Nd5 23. Rae1 Rf7 24. Re6 Qd7 25. Qc4 b5 26. Qe4 Raf8 27. Qd3 Qb7 28. Qh3 Nf4 29. Qg4 Nxe6 30. Qxe6 b4 31. Bd2 Qd7 32. Bh6 Qxe6 33. Rxe6 Rxf6 34. Bxf8 Rxe6 35. Bxc5 a5 36. a3 bxa3 37. Bxa3 Re2 38. c3 Kf7 39. h3 Ke6 0-1

[Event "POL-chT U19 1st League"]
[Site "Ustron"]
[Date "2015.08.02"]
[Round "9.2"]
[White "Holownia, Michal"]
[Black "Maj, Kornel"]
[Result "1/2-1/2"]
[WhiteElo "1871"]
[BlackElo "2051"]
[PlyCount "46"]
[EventDate "2015.07.25"]
[EventType "team-tourn"]
[EventRounds "9"]
[EventCountry "POL"]
[SourceTitle "EXT 2018"]
[Source "ChessBase"]
[SourceDate "2017.10.13"]
[SourceVersion "1"]
[SourceVersionDate "2017.10.13"]
[SourceQuality "1"]
[WhiteTeam "Wroclaw MUKS MDK Srodmiescie U19"]
[BlackTeam "Rydultowy Ognisko U19"]
[WhiteTeamCountry "POL"]
[BlackTeamCountry "POL"]

1. e4 c5 2. Nf3 d6 3. d4 cxd4 4. Nxd4 Nf6 5. Nc3 Nc6 6. Bg5 e6 7. Qd2 a6 8. 0-0-0 h6 9. Nxc6 bxc6 10. Bf4 d5 11. Qe3 Bb4 12. Be2 0-0 13. e5 Nd7 14. Bxh6 Bxc3 15. bxc3 gxh6 16. Qxh6 Nxe5 17. Rd3 Nxd3+ 18. Bxd3 f5 19. Qg6+ Kh8 20. Qh6+ Kg8 21. Qg6+ Kh8 22. Qh6+ Kg8 23. Qg6+ Kh8 1/2-1/2

[Event "POL-chT U19 1st League"]
[Site "Ustron"]
[Date "2015.08.01"]
[Round "8.2"]
[White "Pniaczek, Marek"]
[Black "Holownia, Michal"]
[Result "0-1"]
[WhiteElo "1716"]
[BlackElo "1871"]
[PlyCount "54"]
[EventDate "2015.07.25"]
[EventType "team-tourn"]
[EventRounds "9"]
[EventCountry "POL"]
[SourceTitle "EXT 2018"]
[Source "ChessBase"]
[SourceDate "2017.10.13"]
[SourceVersion "1"]
[SourceVersionDate "2017.10.13"]
[SourceQuality "1"]
[WhiteTeam "Chrzanow UKS SP 8 U19"]
[BlackTeam "Wroclaw MUKS MDK Srodmiescie U19"]
[WhiteTeamCountry "POL"]
[BlackTeamCountry "POL"]

1. e4 d5 2. exd5 Nf6 3. d4 Bg4 4. Nf3 Qxd5 5. Be2 Nc6 6. c4 Qh5 7. 0-0 0-0-0 8. Be3 e5 9. h3 e4 10. hxg4 Nxg4 11. Bf4 exf3 12. Bxf3 f5 13. Bxc6 bxc6 14. f3 Bc5 15. dxc5 Rxd1 16. Rxd1 Nf6 17. Nc3 Qf7 18. Rd4 Qe7 19. b4 Rg8 20. Kf2 Nh5 21. Bh2 Re8 22. Rd3 Qh4+ 23. Kf1 Qxh2 24. Rad1 Ng3+ 25. Kf2 Nh5 26. Kf1 Nf4 27. R3d2 Qh1+ 0-1

[Event "POL-chT U19 1st League"]
[Site "Ustron"]
[Date "2015.07.28"]
[Round "4.2"]
[White "Buraczewski, Rafal"]
[Black "Holownia, Michal"]
[Result "0-1"]
[WhiteElo "1906"]
[BlackElo "1871"]
[PlyCount "58"]
[EventDate "2015.07.25"]
[EventType "team-tourn"]
[EventRounds "9"]
[EventCountry "POL"]
[SourceTitle "EXT 2018"]
[Source "ChessBase"]
[SourceDate "2017.10.13"]
[SourceVersion "1"]
[SourceVersionDate "2017.10.13"]
[SourceQuality "1"]
[WhiteTeam "Suwalki Hancza U19"]
[BlackTeam "Wroclaw MUKS MDK Srodmiescie U19"]
[WhiteTeamCountry "POL"]
[BlackTeamCountry "POL"]

1. d4 Nf6 2. Nf3 c5 3. d5 e6 4. Nc3 b5 5. dxe6 fxe6 6. Nxb5 d5 7. g3 Qa5+ 8. Nc3 d4 9. Nxd4 cxd4 10. Qxd4 Bb7 11. e4 Bxe4 12. Bb5+ Bc6 13. Qe5 Kf7 14. 0-0 Bb4 15. Re1 Re8 16. a4 a6 17. Bxc6 Nxc6 18. Qf4 Bxc3 19. bxc3 Qxc3 20. Bd2 Qd4 21. Qc7+ Qd7 22. Qf4 Qd4 23. Qc7+ Qd7 24. Qf4 Rad8 25. Bc3 Qd6 26. Qh4 Nd4 27. Re3 Qd5 28. Bxd4 Qxd4 29. Qh3 Qxa1+ 0-1

[Event "POL-ch U16"]
[Site "Karpacz"]
[Date "2015.03.21"]
[Round "8"]
[White "Kaminski, Piotr1111"]
[Black "Holownia, Michal"]
[Result "1/2-1/2"]
[WhiteElo "1887"]
[BlackElo "1795"]
[PlyCount "34"]
[EventDate "2015.03.15"]
[EventType "swiss"]
[EventRounds "9"]
[EventCountry "POL"]
[SourceTitle "EXT 2017"]
[Source "ChessBase"]
[SourceDate "2016.10.25"]
[SourceVersion "1"]
[SourceVersionDate "2016.10.25"]
[SourceQuality "1"]

1. e4 e5 2. Nf3 Nc6 3. Bb5 a6 4. Ba4 Nf6 5. 0-0 Nxe4 6. d4 exd4 7. Re1 d5 8. Nxd4 Bd6 9. Nxc6 Bxh2+ 10. Kxh2 Qh4+ 11. Kg1 Qxf2+ 12. Kh2 Qh4+ 13. Kg1 Qf2+ 14. Kh2 Qh4+ 15. Kg1 Qf2+ 16. Kh2 Qh4+ 17. Kg1 Qf2+ 1/2-1/2

[Event "POL-chT3 Dolnoslaskie 1415"]
[Site "Poland"]
[Date "2015.02.22"]
[Round "7.28"]
[White "Holownia, Michal"]
[Black "Kurtyka, Barbara"]
[Result "1-0"]
[WhiteElo "1645"]
[BlackElo "1929"]
[PlyCount "101"]
[EventDate "2014.10.26"]
[EventType "team-tourn"]
[EventRounds "11"]
[EventCountry "POL"]
[SourceTitle "EXT 2018"]
[Source "ChessBase"]
[SourceDate "2017.10.13"]
[SourceVersion "1"]
[SourceVersionDate "2017.10.13"]
[SourceQuality "1"]
[WhiteTeam "Wroclaw MUKS MDK Srodmiescie"]
[BlackTeam "Wisznia Mala OKSiR"]
[WhiteTeamCountry "POL"]
[BlackTeamCountry "POL"]

1. e4 c5 2. Nf3 Nc6 3. d4 cxd4 4. Nxd4 d6 5. Nc3 g6 6. Bc4 Bg7 7. Nxc6 bxc6 8. 0-0 Nf6 9. e5 dxe5 10. Qxd8+ Kxd8 11. Re1 e6 12. Bg5 Kc7 13. Rad1 Nd5 14. Bd2 a5 15. Na4 Kd6 16. Bb3 Ke7 17. c4 Nb4 18. Bc3 Rd8 19. Rxd8 Kxd8 20. a3 Na6 21. Bxa5+ Ke7 22. Rd1 Bd7 23. Nb6 Ra7 24. Bc3 f6 25. Kf1 Ke8 26. Bc2 Rb7 27. Nxd7 Rxd7 28. Rxd7 Kxd7 29. b4 Bf8 30. Ke2 Bd6 31. Kd3 f5 32. f3 e4+ 33. fxe4 Bxh2 34. Ke3 Bd6 35. c5 Bf8 36. a4 Nc7 37. Bb3 Bh6+ 38. Kf3 Bc1 39. Bc4 Ba3 40. Kf4 h6 41. exf5 exf5 42. Ke5 Ke7 43. a5 Bc1 44. a6 Bg5 45. Be1 Bf6+ 46. Kf4 Kd7 47. a7 Kc8 48. Ba6+ Kd7 49. Bb7 Ke6 50. Bxc6 Be5+ 51. Kf3 1-0

[Event "POL Olympiad U14"]
[Site "Spala"]
[Date "2014.12.30"]
[Round "6.22"]
[White "Holownia, Michal"]
[Black "Bakalarczyk, Jakub"]
[Result "1/2-1/2"]
[WhiteElo "1576"]
[BlackElo "1442"]
[PlyCount "80"]
[EventDate "2014.04.06"]
[EventType "swiss"]
[EventRounds "9"]
[EventCountry "POL"]
[SourceTitle "EXT 2023"]
[Source "ChessBase"]
[SourceDate "2022.10.05"]
[SourceVersion "1"]
[SourceVersionDate "2022.10.05"]
[SourceQuality "1"]

1. e4 c6 2. d4 d5 3. Nc3 dxe4 4. Nxe4 Bf5 5. Ng3 Bg6 6. N1e2 e6 7. Nf4 Nf6 8. c3 Qc7 9. h4 Bd6 10. Qf3 Bc2 11. Bd2 h6 12. Ngh5 Nxh5 13. Nxh5 Bf8 14. Qg4 Bg6 15. Nf4 Bf5 16. Qf3 Nd7 17. g4 Bh7 18. g5 Bf5 19. g6 0-0-0 20. gxf7 Nf6 21. Qe2 Qxf7 22. Nd3 Bd6 23. 0-0-0 Nd7 24. Bh3 Rde8 25. Ne5 Qf6 26. f4 Bxh3 27. Rxh3 Qf5 28. Rg3 Rhg8 29. Rdg1 Qf6 30. h5 Bxe5 31. fxe5 Qf7 32. Rf1 Qe7 33. Qg4 c5 34. Rfg1 Nb6 35. Qe4 cxd4 36. cxd4 Qf7 37. Qg6 Qd7 38. Bc3 Nd5 39. Qh7 Qf7 40. Qg6 Qd7 1/2-1/2

[Event "POL-chT U19 1st League"]
[Site "Maslow Pierwszy"]
[Date "2014.07.25"]
[Round "1"]
[White "Holownia, Michal"]
[Black "Szmer, Aleksander"]
[Result "1-0"]
[WhiteElo "1597"]
[BlackElo "1760"]
[PlyCount "49"]
[EventDate "2014.07.25"]
[EventType "team-tourn"]
[EventRounds "9"]
[EventCountry "POL"]
[SourceTitle "EXT 2015"]
[Source "ChessBase"]
[SourceDate "2014.11.20"]
[SourceVersion "1"]
[SourceVersionDate "2014.11.20"]
[SourceQuality "1"]
[WhiteTeam "Wroclaw MUKS MDK Srodmiescie U19"]
[BlackTeam "Opole Rodlo U19"]
[WhiteTeamCountry "POL"]
[BlackTeamCountry "POL"]

1. e4 c5 2. Nf3 Nc6 3. d4 cxd4 4. Nxd4 Nf6 5. Nc3 d6 6. Bc4 e5 7. Nb3 h6 8. 0-0 Be7 9. f3 0-0 10. Be3 a6 11. a4 b6 12. Bd5 Bb7 13. Qd2 Qc7 14. Qf2 Bd8 15. Rfd1 Rb8 16. Nd2 Nb4 17. Bxb7 Rxb7 18. Nf1 Qc6 19. Qd2 Rd7 20. Qe2 d5 21. exd5 Nfxd5 22. Nxd5 Rxd5 23. Rxd5 Nxd5 24. Bf2 Bc7 25. Ne3 1-0